000
00302nam a22001217a 4500
999
_c
9884
_d
9884
003
OSt
008
201203b ||||| |||| 00| 0 eng d
245
_a
Finance India
250
_a
2011(Dec Vol.25 No.4)
260
_b
Indian Institute of Finance
_a
Greater Noida
650
_a
Management
942
_2
ddc
_c
BV